000 00330nam a2200133Ia 4500
008 151001s9999||||xx |||||||||||||| ||und||
100 _aरेचल गडकर
245 _aआहुती
250 _a1
260 _bअरगडे कुलकर्णी
260 _c1976
300 _a23
365 _b18
999 _c981721
_d981718